| 000 -LEADER |
| fixed length control field |
00904cam a22002174a 4500 |
| 003 - CONTROL NUMBER IDENTIFIER |
| control field |
OSt |
| 005 - DATE AND TIME OF LATEST TRANSACTION |
| control field |
20200513141738.0 |
| 008 - FIXED-LENGTH DATA ELEMENTS--GENERAL INFORMATION |
| fixed length control field |
080905s2009 njua b 001 0 eng |
| 010 ## - LIBRARY OF CONGRESS CONTROL NUMBER |
| LC control number |
2008039321 |
| 020 ## - INTERNATIONAL STANDARD BOOK NUMBER |
| International Standard Book Number |
9780470053645 (pbk.) |
| 082 00 - DEWEY DECIMAL CLASSIFICATION NUMBER |
| Classification number |
720 |
| Edition number |
22 |
| 100 1# - MAIN ENTRY--PERSONAL NAME |
| Personal name |
Hanlon, Donald Livingston. |
| 245 10 - TITLE STATEMENT |
| Title |
Compositions in architecture / |
| Statement of responsibility, etc |
Don Hanlon. |
| 260 ## - PUBLICATION, DISTRIBUTION, ETC. (IMPRINT) |
| Place of publication, distribution, etc |
Hoboken, N.J. : |
| Name of publisher, distributor, etc |
John Wiley & Sons, |
| Date of publication, distribution, etc |
2009. |
| 300 ## - PHYSICAL DESCRIPTION |
| Extent |
vii, 328 p. : |
| Other physical details |
ill. ; |
| Dimensions |
29 cm. |
| 504 ## - BIBLIOGRAPHY, ETC. NOTE |
| Bibliography, etc |
Includes bibliographical references (p. 321-324) and index. |
| 505 0# - FORMATTED CONTENTS NOTE |
| Formatted contents note |
Formal properties of a composition -- Notes on the plan -- Type -- Square -- Layering -- Linear forms -- Core and shell -- Frame and object -- Clusters -- Subtractive spaces and the deep wall -- Articulated skin -- Metamorphosis -- Deformation. |
| 650 #0 - SUBJECT ADDED ENTRY--TOPICAL TERM |
| Topical term or geographic name as entry element |
Architectural design. |
| 650 #0 - SUBJECT ADDED ENTRY--TOPICAL TERM |
| Topical term or geographic name as entry element |
Architecture |
| General subdivision |
Composition, proportion, etc. |
| 942 ## - ADDED ENTRY ELEMENTS (KOHA) |
| Source of classification or shelving scheme |
|